000 00561cam a22001691 4500
082 _a628.36
_bVEA
_cL-23, P-14.
100 1 _aVeal, Thomas Henry Percy.
_944160
245 1 4 _aThe disposal of sewage;
_ba textbook for the use of engineers, sanitary inspectors, and students.
250 _a3d ed., rev.
260 _aLondon,
_bChapman & Hall,
_c1956.
300 _a208 p.
_billus.
_c23 cm.
526 _a0
_b0
_c0
_d628_360000000000000_VEA
526 _a0
_b0
_c0
_d628_360000000000000_VEA
650 0 _aMCE
_9379
650 0 _aSewage disposal.
_9392
942 _2ddc
_cBK
999 _c547983
_d547983